Catalog

Record Details

Catalog Search



Anfänge der dialektischen Theologie / Teil 1 Karl Barth, Heinrich Barth, Emil Brunner Cover Image Book Book

Anfänge der dialektischen Theologie / herausgegeben von Jürgen Moltmann Teil 1 Karl Barth, Heinrich Barth, Emil Brunner

Moltmann, Jürgen (Author).

Record details

  • Physical Description: 347 s.
  • Edition: 2. erweiterte Aufl.
  • Publisher: München Chr. Kaiser Verlag 1966

Available copies

  • 1 of 1 copy available at Common Catalog SPOK.

Holds

  • 0 current holds with 1 total copy.
Show All Copies
Location Call Number / Copy Notes Barcode Shelving Location Status Due Date
ETS Library 230.044 424470010013 Volný výběr Available -

LDR 00839nam a2 00253
00134106
003CZ-PrJAB
00520040305000000.0
008020221s1966 xr e |||| |ger
009ge
035 . ‡a(CONS)245
035 . ‡aKPS10836
040 . ‡aABG450
041 . ‡ager
08214. ‡a230.044
100 . ‡72628 ‡aMoltmann, Jürgen
245 . ‡aAnfänge der dialektischen Theologie / ‡cherausgegeben von Jürgen Moltmann ‡nTeil 1 ‡pKarl Barth, Heinrich Barth, Emil Brunner
250 . ‡a2. erweiterte Aufl.
260 . ‡aMünchen ‡bChr. Kaiser Verlag ‡c1966
300 . ‡a347 s.
490 . ‡aTheologische Bücherei ‡pSystematische Theologie ‡vBamd 17
653 . ‡aAnfänge der dialektischen Theologie ‡aKarl Barth, Heinrich Barth, Emil Brunner
8524 . ‡bETS ‡bETS ‡cVolný výběr ‡j230.044 ‡gA ‡p424470010013
910 . ‡aABG450
999 . ‡a245 ‡bAUTOGEN ‡c245 ‡tbiblio
905 . ‡uadmin
901 . ‡a34106 ‡b ‡c34106 ‡tbiblio ‡sets

Additional Resources